Anime Anagrams - Statistics

General Stats
  • This quiz has been taken 251 times
  • The average score is 16 of 25
Answer Stats
Hint Answer % Correct
noe ipcee one piece
100%
ujtsuju ienkas jujutsu kaisen
88%
rnuota naruto
81%
cedo sgaes code geass
78%
pys lifamy spy family
74%
'ojojs zreziba adevnture jojo's bizzare adventure
71%
katcta no ntiat attack on titan
69%
livnnad gasa vinland saga
69%
ym roeh edaamica my hero academia
66%
hbaecl bleach
64%
tlaiyrfae fairytale
63%
lullaftem salchmtei fullmetal alchemist
63%
wcyboo pbebo cowboy bebop
61%
ruoy mena your name
61%
labkc relocv black clover
59%
enodm yselra demon slayer
59%
orsail nomo sailor moon
59%
tnerhu tnerhu hunter hunter
56%
keponom pokemon
56%
efri ecorf fire force
55%
obutor boruto
52%
edhat ento death note
50%
oneo segnise lnienavoge neon genesis evangelion
44%
ldnoagrlba dragonball
38%
soubakno konosuba
15%
No matching quizzes found
Score Distribution
Percent of People with Each Score
Percentile by Number Answered
Your Score History
You have not taken this quiz